Most Expensive Footballers Per Country: Africa Part 2 - Statistics

General Stats
  • This quiz has been taken 75 times
  • The average score is 13 of 23
Answer Stats
Country Season From To Player Transfer Fee % Correct
Ghana 2005/06 Olympique Lyon Chelsea Michael Essien € 38.000.000,00
93%
Cameroon 2004/05 RCD Mallorca FC Barcelona Samuel Eto'o € 27.000.000,00
93%
Cameroon 2012/13 Arsenal FC Barcelona Alex Song € 19.000.000,00
86%
Morocco 2014/15 AS Roma Bayern Munich Medhi Benatia € 28.000.000,00
82%
Ghana 2016/17 Swansea City West Ham United André Ayew € 24.100.000,00
79%
Ghana 2012/13 Udinese Juventus Kwadwo Asamoah € 18.000.000,00
73%
South Africa 2012/13 Tottenham Hotspur Everton Steven Pienaar € 5.750.000,00
71%
Ghana 2015/16 FC Augsburg Chelsea Abdul Rahman Baba € 20.000.000,00
68%
Mali 2008/09 Sevilla FC Barcelona Seydou Keita € 14.000.000,00
68%
Ghana 2010/11 Stade Rennes Sunderland Asamoah Gyan € 16.000.000,00
66%
Morocco 2016/17 FC Twente AFC Ajax Hakim Ziyech € 11.000.000,00
63%
Morocco 2016/17 LOSC Lille Southampton Sofiane Boufal € 18.700.000,00
61%
Mali 2006/07 Olympique Lyon Real Madrid Mohamadou Diarra € 26.000.000,00
57%
Benin 2008/09 Le Mans PSG Stéphane Sessègnon € 8.000.000,00
52%
South Africa 1999/00 AFC Ajax Celta de Vigo Benni McCarthy € 6.000.000,00
46%
Cameroon 2015/16 Olympique Lyon Tottenham Hotspur Clinton N'Jie € 14.100.000,00
43%
Mali 2005/06 Valencia Liverpool Mohamed Sissoko € 12.000.000,00
43%
Mali 2015/16 LOSC Lille AS Monaco Adama Traoré € 14.000.000,00
41%
Congo 2012/13 Anzhi QPR Christopher Samba € 15.000.000,00
41%
Benin 2015/16 Blackburn Aston Villa Rudy Gestede € 8.500.000,00
30%
Morocco 2013/14 Anzhi Lokomotiv Moscow Moubarak Boussoufa € 15.000.000,00
29%
South Africa 2014/15 Malmö FF Bournemouth Tokelo Rantie € 4.000.000,00
21%
Congo 2006/07 LOSC Lille OGC Nice Matt Moussilou € 4.000.000,00
9%
No matching quizzes found
Score Distribution
Percent of People with Each Score
Percentile by Number Answered
Your Score History
You have not taken this quiz